Mathematics in the modern world / (Record no. 10620)
[ view plain ]
| 000 -LEADER | |
|---|---|
| fixed length control field | 00727nam a22002297a 4500 |
| 003 - CONTROL NUMBER IDENTIFIER | |
| control field | URS |
| 005 - DATE AND TIME OF LATEST TRANSACTION | |
| control field | 20220117100014.0 |
| 008 - FIXED-LENGTH DATA ELEMENTS--GENERAL INFORMATION | |
| fixed length control field | 200106b ||||| |||| 00| 0 eng d |
| 020 ## - INTERNATIONAL STANDARD BOOK NUMBER | |
| International Standard Book Number | 9789719676997 |
| 040 ## - CATALOGING SOURCE | |
| Original cataloging agency | URS |
| Language of cataloging | eng |
| Transcribing agency | URS |
| Modifying agency | URS |
| Description conventions | rda |
| 050 ## - LIBRARY OF CONGRESS CALL NUMBER | |
| Classification number | QA37.2 |
| Item number | .M42 2018 |
| 245 ## - TITLE STATEMENT | |
| Title | Mathematics in the modern world / |
| Statement of responsibility, etc. | Evelyn V. Almazan...[and three others]. |
| 260 ## - PUBLICATION, DISTRIBUTION, ETC. | |
| Place of publication, distribution, etc. | Malabon City : |
| Name of publisher, distributor, etc. | Jimczyville Publications, |
| Date of publication, distribution, etc. | ©2018. |
| 300 ## - PHYSICAL DESCRIPTION | |
| Extent | 192 pages ; |
| Dimensions | 23 cm. |
| 650 #0 - SUBJECT ADDED ENTRY--TOPICAL TERM | |
| Topical term or geographic name entry element | Mathematics. |
| 650 #0 - SUBJECT ADDED ENTRY--TOPICAL TERM | |
| Topical term or geographic name entry element | Mathematics |
| General subdivision | Popular works. |
| 700 ## - ADDED ENTRY--PERSONAL NAME | |
| Personal name | Almazan, Evelyn V. |
| Relator term | author. |
| 700 ## - ADDED ENTRY--PERSONAL NAME | |
| Personal name | Cabrera, Maricor B. |
| Relator term | author. |
| 700 ## - ADDED ENTRY--PERSONAL NAME | |
| Personal name | Lapig, Elizabeth C. |
| Relator term | author. |
| 700 ## - ADDED ENTRY--PERSONAL NAME | |
| Personal name | Manuel, Princess A. |
| Relator term | author. |
| 942 ## - ADDED ENTRY ELEMENTS (KOHA) | |
| Source of classification or shelving scheme | Library of Congress Classification |
| Koha item type | Filipiniana |
| Withdrawn status | Source of classification or shelving scheme | Damaged status | Not for loan | Collection code | Home library | Current library | Shelving location | Date acquired | Source of acquisition | Total Checkouts | Full call number | Barcode | Date last seen | Copy number | Koha item type | Price effective from |
|---|---|---|---|---|---|---|---|---|---|---|---|---|---|---|---|---|
| Library of Congress Classification | Non-fiction | Antipolo College Library | Antipolo College Library | Filipiniana Section | 04/23/2023 | Library Fund | QA 37.2 .M42 2018 | URSANT-05588 | 09/07/2024 | 1 | Filipiniana | 09/07/2024 | ||||
| Library of Congress Classification | Non-fiction | Antipolo College Library | Antipolo College Library | Filipiniana Section | 04/23/2023 | Library Fund | QA 37.2 .M42 2018 | URSANT-05589 | 09/07/2024 | 2 | Filipiniana | 09/07/2024 | ||||
| Library of Congress Classification | Non-fiction | Taytay College Library | Taytay College Library | Filipiniana Section | 01/06/2020 | Donation | QA37.2 .M42 2018 | URSTAY-4545 | 06/03/2025 | 1 | Filipiniana | |||||
| Library of Congress Classification | Non-fiction | Taytay College Library | Taytay College Library | Filipiniana Section | 01/06/2020 | Donation | QA37.2 .M42 2018 | URSTAY-4546 | 06/03/2025 | 2 | Filipiniana | |||||
| Library of Congress Classification | Non-fiction | Taytay College Library | Taytay College Library | Filipiniana Section | 11/21/2020 | Donation | QA37.2 .M42 2018 | URSTAY-4730 | 06/03/2025 | 3 | Filipiniana |